Städte nach ehemaligem Namen - Statistiken

Allgemein
  • Dieses Quiz wurde 12.293 mal gespielt
  • Das Durchschnittsergebnis liegt bei 9 aus 20
Antwortstatistiken
Alter Name Aktueller Name % Korrekt
Konstantinopel Istanbul
95%
Leningrad Sankt Petersburg
85%
Londinium London
76%
Neu-Amsterdam New York City
71%
Bombay Mumbai
67%
Karl-Marx-Stadt Chemnitz
64%
Königsberg Kaliningrad
51%
Edo Tokio
49%
Tenochtitlan Mexiko-Stadt
48%
Lutetia Paris
44%
Saigon Ho-Chi-Minh-Stadt
39%
Preßburg Bratislava
37%
Stalingrad Wolgograd
36%
Stadt des KdF-Wagens bei Fallersleben Wolfsburg
32%
Christiania Oslo
21%
Léopoldville Kinshasa
19%
Batavia Jakarta
15%
Madras Chennai
11%
Smyrna Izmir
11%
Kanton Guangzhou
10%
Keine übereinstimmenden Quizze gefunden
Verteilung der Resultate
Anzahl Personen mit jedem Resultat
Perzentil nach korrekt beantworteten Fragen
Ihre Resultats-Entwicklung
Sie haben dieses Quiz noch nicht gespielt